| 000 | 01383nam0a2200301 4500 | ||
|---|---|---|---|
| 001 | RU\NLR\BIBL_A\011661462 | ||
| 005 | 20180329112916.0 | ||
| 010 |
_a978-5-8307-0507-3 _9100 |
||
| 021 |
_aRU _bКН-П-18-020530 _9КН-П-18-1494 |
||
| 035 | _a(NLR Aleph) 011661462 | ||
| 090 |
_a11183970 _c11183970 |
||
| 100 | _a20180320d2018 k y0rusy50 ca | ||
| 101 | 0 |
_arus _akbd |
|
| 102 | _aRU | ||
| 105 | _ay|||z|||000zy | ||
| 200 | 1 |
_aПроблемы лексики кабардино-черкесского языка: паронимия _fМ.И. Бакова _gМинистерство образования и науки Российской Федерации, Карачаево-черкесский государственный университет имени У.Д. Алиева |
|
| 210 |
_aКарачаевск _cКЧГУ _d2018 |
||
| 215 |
_a214 с. _d20 |
||
| 300 | _aЧасть текста на кабард.-черкес. яз. | ||
| 320 | _aБиблиогр.: с. 210-212 (66 назв.) | ||
| 606 | 1 |
_aКабардино-черкесский язык _xПаронимы _2nlr_sh2 _3RU\NLR\AUTH\6601632034 |
|
| 686 | 1 | _aШ160.222-321 | |
| 700 | 1 |
_aБакова _bМ. И. _f1940- _gМария Исхаковна _3RU\NLR\AUTH\770273371 |
|
| 942 | _cBOOK | ||
| 980 | _aNBR | ||
| 980 | _aNB | ||